Loading...
| Science - Physics | 0 | 5 | 1 | 3 | 45 | 62 | 92.60 | 1 | 3 | 9.86 | 27.50 |
| History - American | 1 | 3 | 1 | 0 | 40 | 47 | 81.75 | 1 | 4 | 13.84 | 27.50 |
| Current Events | 1 | 2 | 0 | 0 | 35 | 54 | 72.33 | 0 | 3 | 41.83 | 72.22 |
| History - Ancient/Other | 1 | 1 | 0 | 1 | 25 | 43 | 77.00 | 0 | 2 | 7.98 | 12.50 |
| Science - Other | 0 | 3 | 1 | 2 | 25 | 71 | 99.00 | 0 | 1 | 7.12 | 13.89 |
| Literature - World | 0 | 3 | 1 | 0 | 25 | 88 | 116.00 | 0 | 1 | 6.53 | 12.50 |
| Fine Arts - Painting and Sculpture | 0 | 2 | 0 | 0 | 20 | 87 | 96.00 | 0 | 1 | 5.22 | 7.50 |
| Literature - European | 0 | 2 | 0 | 0 | 20 | 125 | 128.00 | 0 | 1 | 1.27 | 7.50 |
| Other Academic | 0 | 2 | 0 | 0 | 20 | 70 | 73.00 | 0 | 2 | 28.75 | 41.67 |
| Fine Arts - Other | 0 | 2 | 1 | 0 | 15 | 88 | 91.50 | 0 | 2 | 4.42 | 12.50 |
| Literature - American | 0 | 1 | 0 | 0 | 10 | 142 | 142.00 | 0 | 1 | 0.07 | 5.00 |
| Literature - British | 0 | 1 | 0 | 0 | 10 | 139 | 139.00 | 0 | 1 | 0.07 | 2.50 |
| Geography | 0 | 1 | 0 | 0 | 10 | 114 | 114.00 | 0 | 0 | 4.64 | 6.25 |
| Mythology | 0 | 2 | 2 | 1 | 10 | 85 | 107.00 | 0 | 1 | 4.01 | 10.00 |
| Fine Arts - Classical Music | 0 | 2 | 2 | 0 | 10 | 76 | 94.50 | 1 | 1 | 6.89 | 12.50 |
| History - Other | 0 | 1 | 0 | 0 | 10 | 119 | 119.00 | 0 | 1 | 0.42 | 25.00 |
| Religion | 1 | 2 | 5 | 0 | 10 | 38 | 83.00 | 1 | 3 | 12.59 | 20.00 |
| Science - Biology | 0 | 1 | 0 | 0 | 10 | 75 | 75.00 | 0 | 1 | 2.57 | 5.00 |
| History - European | 0 | 2 | 2 | 0 | 10 | 93 | 110.50 | 0 | 2 | 2.64 | 10.00 |
| Science - Chemistry | 0 | 1 | 1 | 0 | 5 | 103 | 103.00 | 0 | 1 | 0.10 | 2.50 |
| History - World | 0 | 1 | 2 | 0 | 0 | 104 | 104.00 | 0 | 1 | 1.61 | 5.00 |
| Philosophy | 0 | 0 | 1 | 0 | -5 | 0.00 | 0 | 0 | 0.00 | 0.00 |